| 000 | 01223cam a22003257a 4500 | ||
|---|---|---|---|
| 003 | CHAP | ||
| 005 | 20220329133021.0 | ||
| 008 | 971013s1988 r 00010 d | ||
| 010 | _a1320 | ||
| 011 | _a2292 | ||
| 035 | _a1485 | ||
| 040 | _cCHAP | ||
| 090 | _aTesis | ||
| 100 | 0 | 0 |
_aVarela Hernández, María Virginia. _9117937 |
| 245 | 0 | _aEvaluación de la resistencia de sus cultivares de chile morrón (Capsicum annum L.) al ataque del agente causal de la mancha bacteriana Xanthomonas campestris pv. vesicatoria (Doidge) Dye en Marín, N. L. | |
| 260 |
_aMarín, N. L. : _bEl autor, _c19889 |
||
| 300 | _a58 h. | ||
| 502 | _aTesis (Ing. Agr. Parasitólogo). -- Univ. Autónoma de Nuevo León. Fac. de Agronomía | ||
| 590 |
_aALEPH _b10 _c20130110 _lUCH01 _h1207 |
||
| 590 |
_aBATCH-UPD _b10 _c20130110 _lUCH01 _h1555 |
||
| 590 |
_aBATCH-UPD _b10 _c20130410 _lUCH01 _h0952 |
||
| 590 |
_aBATCH-UPD _b10 _c20130914 _lUCH01 _h0925 |
||
| 590 |
_aCONVERSION _b10 _c20130109 _lUCH01 _h1302 |
||
| 650 | 1 | 4 |
_aChile pimiento _xEnfermedades. _922476 |
| 650 | 1 | 4 |
_aChile pimiento _xVariedades. _922489 |
| 650 | 1 | 4 |
_aXanthomonas campestris. _9122885 |
| 901 | _aBK | ||
| 942 | _cTESIS | ||
| 949 |
_bBC _cTES _d-10971 _eTS1 _h22862 _i1485 _si |
||
| 999 |
_c1320 _d1320 |
||